La géographie nouvelle: cours supérieur ...
Gespeichert in:
| 1. Verfasser: | |
|---|---|
| Format: | keine Angabe |
| Sprache: | Französisch |
| Erschienen: |
Paris
Bricon & A
[s
|
| Katalog: | MANES: Suchergebnis im Bibliothekskatalog |
| Schulbuchspezifische Eigenschaften: |
|
| Tags: |
Tag hinzufügen
Keine Tags, Fügen Sie den ersten Tag hinzu!
|
| Hinzugefügt zu: | 26.04.2016 |
| Geändert in: | 30.01.2026 |
MARC
| LEADER | 000000000a22000000004500 | ||
|---|---|---|---|
| 001 | 34360 | ||
| 003 | OSt | ||
| 005 | 20260130100117.0 | ||
| 008 | 160427s fr ||||| |||| 00| 0 fre d | ||
| 040 | |a manes |c manes | ||
| 041 | |a Francés | ||
| 100 | 1 | |a Toutey, Emile |9 19860 | |
| 245 | 0 | 0 | |a La géographie nouvelle: cours supérieur ... |
| 260 | 3 | |a Paris |b Bricon & A |c [s | |
| 300 | |a 188 p. |c 24 cm | ||
| 500 | |a Según CCFR editado en 1920? |a Signatura Topográfica: 476. Enc. cart., cub. original. Sellos en portada: "Instituto-Escuela de Segunda Enseñanza, Madrid" y "Junta para Ampliación de Estudios, Madrid". | ||
| 690 | |a GEO | ||
| 691 | 0 | |a SE | |
| 942 | |2 ddc |c BK | ||
| 546 | |a España | ||
| 999 | |c 41322 |d 41322 | ||
| 999 | |c manes:41322 |d 41322 | ||